000 01465nam0a2200349 4500
001 RU\NLR\BIBL_A\022306836
005 20260420013752.0
010 _a978-5-9999-3655-4
_9300
021 _aRU
_bКН-П-24-041016
_9КН-П-24-4059
035 _a(NLR Aleph) 022306836
090 _a13663647
_c13663647
100 _a20240823d2024 u y0rusy50 ca
101 0 _arus
102 _aRU
105 _aa j 000zy
181 0 _ai3
_baxxe
182 0 _an
200 1 _aКурс онкологии в рисунках, таблицах и схемах
_fС. В. Капралов, Б. С. Харитонов, О. М. Конопацкова [и др.]
203 _aТекст
_bвизуальный
_cнепосредственный
210 _aСаратов
_cНаука
_d2024
215 _a238, [1] с.
_cил., цв. ил.
_d30
300 _aАвт. указаны на обороте тит. с.
320 _aБиблиогр.: с. 239 (15 назв.)
606 1 _aОнкология
_jУчебные издания для высших учебных заведений
_9893324
_3RU\NLR\AUTH\663228
686 1 _aР56я73
701 1 _aКапралов
_bС. В.
_gСергей Владимирович
701 1 _aХаритонов
_bБ. С.
_gБорис Семенович
701 1 _aКонопацкова
_bО. М.
_gОльга Михайловна
942 _cBOOK
980 _aNB